Algeria... or Nigeria? - Statistics

General Stats
  • This quiz has been taken 103 times
  • The average score is 11 of 15
Answer Stats
Question Answer % Correct
Has red on its flag? Algeria
100%
Has Arabic as an official language? Algeria
100%
Its denonym ends with "ian"? Both
93%
Has English as an official language? Nigeria
93%
Became independent from the U.K.? Nigeria
93%
Uses the Naira as its currency? Nigeria
86%
Has a higher HDI? Algeria
79%
Is a member of NATO? Neither
79%
Borders Niger? Both
71%
Drives on the right side of the road? Both
71%
Became independent first? Nigeria
71%
Has the capital of Lagos? Neither
64%
Has a higher maximum elevation? Algeria
57%
Gets more rainfall? Nigeria
57%
Its capital city has a higher population? Algeria
21%
No matching quizzes found
Score Distribution
Percent of People with Each Score
Percentile by Number Answered
Your Score History
You have not taken this quiz